[Event "Avoine op 21th"]
[Site "Avoine"]
[Date "2006.07.27"]
[Round "8"]
[White "Vicainne, Jerome"]
[Black "Deschuyteneer, Lucien"]
[Result "1/2-1/2"]
[WhiteElo "1690"]
[BlackElo "1445"]
[PlyCount "93"]
[EventDate "2006.07.22"]
[EventType "swiss"]
[EventRounds "9"]
[EventCountry "FRA"]
[SourceTitle "EXT 2007"]
[Source "ChessBase"]
[SourceDate "2006.11.23"]
[SourceVersion "1"]
[SourceVersionDate "2006.11.23"]
[SourceQuality "1"]

1. e4 e5 2. d4 exd4 3. c3 dxc3 4. Bc4 cxb2 5. Bxb2 d5 6. Bxd5 Nf6 7. Bxf7+ Kxf7 8. Qxd8 Bb4+ 9. Qd2 Bxd2+ 10. Nxd2 c5 11. f4 Nc6 12. Ngf3 b6 13. Rd1 Rd8 14. 0-0 Ba6 15. Rfe1 h6 16. Bxf6 Kxf6 17. g4 Nb4 18. e5+ Ke6 19. a4 Nd3 20. Re4 Bb7 21. Rc4 Nb2 22. Rf1 Nxc4 23. Nxc4 Bxf3 24. Rxf3 Rd4 25. Nd6 Rxd6 26. exd6 Kxd6 27. Rd3+ Ke7 28. Kf2 Rd8 29. Re3+ Kf7 30. Kf3 Rd4 31. Ra3 a6 32. Ke3 Rb4 33. h3 g6 34. Kf3 c4 35. Ke3 Ke6 36. Kd4 Rb3 37. Ra1 Rb4 38. h4 a5 39. Kc3 Kf6 40. Rd1 Rxa4 41. Rd6+ Kf7 42. Rxb6 Kg7 43. Rb5 Kf6 44. Rc5 Ke6 45. Rc6+ Kf7 46. g5 hxg5 47. hxg5 1/2-1/2

[Event "Avoine op 21th"]
[Site "Avoine"]
[Date "2006.07.26"]
[Round "5"]
[White "Vicainne, Jerome"]
[Black "Bessat, Remy"]
[Result "0-1"]
[WhiteElo "1690"]
[BlackElo "1974"]
[PlyCount "49"]
[EventDate "2006.07.22"]
[EventType "swiss"]
[EventRounds "9"]
[EventCountry "FRA"]
[SourceTitle "EXT 2007"]
[Source "ChessBase"]
[SourceDate "2006.11.23"]
[SourceVersion "1"]
[SourceVersionDate "2006.11.23"]
[SourceQuality "1"]

1. e4 c5 2. d4 cxd4 3. c3 dxc3 4. Nxc3 Nf6 5. Nf3 d6 6. Bc4 e6 7. 0-0 Be7 8. Qe2 Nc6 9. Rd1 e5 10. h3 0-0 11. Be3 Be6 12. Bb5 Qc8 13. Rac1 a6 14. Ba4 b5 15. Bc2 Qb7 16. a3 Rac8 17. Ng5 Bc4 18. Qe1 Na5 19. b4 Nc6 20. f4 exf4 21. Bxf4 Ne5 22. Qh4 Qa7+ 23. Kh2 Ng6 24. Qg3 Nxf4 25. Qxf4 0-1

[Event "Avoine op 21th"]
[Site "Avoine"]
[Date "2006.07.25"]
[Round "3"]
[White "Vicainne, Jerome"]
[Black "Przymusinski, Nicolas"]
[Result "0-1"]
[WhiteElo "1690"]
[BlackElo "2057"]
[PlyCount "186"]
[EventDate "2006.07.22"]
[EventType "swiss"]
[EventRounds "9"]
[EventCountry "FRA"]
[SourceTitle "EXT 2007"]
[Source "ChessBase"]
[SourceDate "2006.11.23"]
[SourceVersion "1"]
[SourceVersionDate "2006.11.23"]
[SourceQuality "1"]

1. e4 c5 2. d4 cxd4 3. c3 dxc3 4. Nxc3 e6 5. Nf3 a6 6. Bc4 b5 7. Bb3 Bb7 8. 0-0 d6 9. Qe2 Nd7 10. Rd1 Ngf6 11. a3 Be7 12. Bf4 Qb8 13. Rac1 0-0 14. Bc2 Rd8 15. h3 Ne5 16. Nd4 Nc6 17. Nf3 Nd7 18. Qd3 Nde5 19. Qe3 Nc4 20. Qe2 Nxb2 21. Rd2 Nc4 22. Rd3 N6e5 23. Nxe5 dxe5 24. Bg3 Rxd3 25. Bxd3 Bxa3 26. Rd1 Nb2 27. Rd2 Nxd3 28. Rxd3 Qc7 29. Qh5 f6 30. Qg4 Qc4 31. Rd7 Bf8 32. Rxb7 Qxc3 33. Qxe6+ Kh8 34. h4 Qe1+ 35. Kh2 Qxe4 36. Qf7 Qc4 37. Qd7 Qc8 38. Qf7 Qe8 39. Qc7 Rc8 40. Qa5 Qc6 41. Rb6 Qc3 42. Qxa6 b4 43. f3 Qc4 44. Qb7 Qc7 45. Be1 Qc4 46. Kh3 h5 47. Bxb4 Bxb4 48. Rxb4 Qe6+ 49. Kg3 f5 50. Rb6 Qc4 51. Rb4 Qc1 52. Qb5 f4+ 53. Kh2 Qe1 54. Rb1 Qxh4+ 55. Kg1 Rc2 56. Qf1 Qd8 57. Re1 h4 58. Kh1 h3 59. gxh3 Qd2 60. Qg1 Qd3 61. Qg4 Rc6 62. Rg1 Qh7 63. Rg2 Rc3 64. Kh2 Rc2 65. Kh1 Rxg2 66. Kxg2 Qc2+ 67. Kf1 Qc6 68. Kg2 Kg8 69. Qh5 Qe6 70. Kf2 Kf8 71. Ke2 Ke7 72. Kd3 Kd6 73. h4 Kc5 74. Qg5 Qc4+ 75. Kd2 Qd4+ 76. Kc2 Kc4 77. Qxg7 Qc3+ 78. Kb1 Kd3 79. Qg6+ Kd2 80. h5 Qb3+ 81. Ka1 Qxf3 82. h6 Qc3+ 83. Ka2 Qa5+ 84. Kb3 Qb5+ 85. Ka2 Kc3 86. Qg2 Qa6+ 87. Kb1 Qxh6 88. Qb2+ Kd3 89. Qxe5 Qh1+ 90. Kb2 Qe4 91. Qc3+ Ke2 92. Qh3 Qd4+ 93. Kc1 Qe3+ 0-1

[Event "Aulnoye Aymeries"]
[Site "Aulnoye Aymeries"]
[Date "2005.08.10"]
[Round "5"]
[White "Vicainne, Jerome"]
[Black "Meurisse, Pierre"]
[Result "1-0"]
[WhiteElo "1650"]
[BlackElo "1150"]
[PlyCount "97"]
[EventDate "2005.08.09"]
[EventType "tourn"]
[EventRounds "9"]
[EventCountry "FRA"]
[SourceTitle "EXT 2008"]
[Source "ChessBase"]
[SourceDate "2007.11.25"]
[SourceVersion "1"]
[SourceVersionDate "2007.11.25"]
[SourceQuality "1"]

1. e4 e5 2. d4 Nc6 3. Nf3 d5 4. dxe5 dxe4 5. Qxd8+ Nxd8 6. Nd4 Bc5 7. Nb5 Ne6 8. Bc4 c6 9. Bxe6 cxb5 10. Bxc8 Rxc8 11. Nc3 b4 12. Nxe4 Nh6 13. Bxh6 gxh6 14. 0-0-0 b6 15. Nd6+ Bxd6 16. Rxd6 Rd8 17. Rhd1 Rxd6 18. Rxd6 Rg8 19. g3 Rg6 20. Rxg6 hxg6 21. Kd2 Ke7 22. Ke3 Ke6 23. Ke4 f5+ 24. exf6 Kxf6 25. h3 g5 26. Kd5 a5 27. Kc4 Kf5 28. f3 h5 29. Kb5 g4 30. hxg4+ hxg4 31. f4 Ke4 32. Kxb6 Kf3 33. f5 Kxg3 34. f6 Kf3 35. f7 g3 36. f8Q+ Kg2 37. Kxa5 Kh2 38. Qh6+ Kg1 39. Kxb4 g2 40. a4 Kf1 41. Qf4+ Kg1 42. a5 Kh1 43. Qh4+ Kg1 44. a6 Kf1 45. Qf4+ Ke1 46. Qg3+ Kf1 47. Qf3+ Kg1 48. a7 Kh1 49. a8B 1-0

[Event "Aulnoye Aymeries"]
[Site "Aulnoye Aymeries"]
[Date "2005.08.08"]
[Round "2"]
[White "Pelerin, Martin"]
[Black "Vicainne, Jerome"]
[Result "1-0"]
[WhiteElo "1927"]
[BlackElo "1650"]
[PlyCount "49"]
[EventDate "2005.08.09"]
[EventType "tourn"]
[EventRounds "9"]
[EventCountry "FRA"]
[SourceTitle "EXT 2008"]
[Source "ChessBase"]
[SourceDate "2007.11.25"]
[SourceVersion "1"]
[SourceVersionDate "2007.11.25"]
[SourceQuality "1"]

1. e4 c5 2. Nf3 e6 3. b3 a6 4. c4 Nc6 5. Nc3 Nge7 6. Bb2 d5 7. exd5 exd5 8. cxd5 Nxd5 9. Nxd5 Qxd5 10. Bc4 Qe4+ 11. Qe2 Qxe2+ 12. Bxe2 Bg4 13. h3 Bh5 14. 0-0 0-0-0 15. Rfd1 f6 16. g4 Bg6 17. d4 Nb4 18. a3 Nc6 19. Rac1 b6 20. Bxa6+ Kc7 21. dxc5 Rxd1+ 22. Rxd1 Bc2 23. Rc1 Bxb3 24. Bb5 Bxc5 25. Bxc6 1-0

[Event "Bethune op 21st"]
[Site "Bethune"]
[Date "2000.??.??"]
[Round "7"]
[White "Vicainne, Jerome"]
[Black "Laval, Brice"]
[Result "0-1"]
[WhiteElo "1650"]
[BlackElo "1850"]
[PlyCount "84"]
[EventDate "2000.12.26"]
[EventType "swiss"]
[EventRounds "7"]
[EventCountry "FRA"]
[SourceTitle "EXT 2003"]
[Source "ChessBase"]
[SourceDate "2002.11.25"]
[SourceVersion "1"]
[SourceVersionDate "2002.11.25"]
[SourceQuality "1"]

1. e4 c5 2. d4 cxd4 3. c3 d3 4. Bxd3 Nc6 5. Nf3 d6 6. Qc2 g6 7. Be3 Bg7 8. Nbd2 Nf6 9. Nb3 0-0 10. 0-0 Bd7 11. h3 a6 12. Nfd2 b5 13. a3 Qb8 14. f4 Rc8 15. Nd4 Nxd4 16. Bxd4 Nxe4 17. Bxg7 Nxd2 18. Qxd2 Kxg7 19. Rfe1 Re8 20. Re2 Qb6+ 21. Kh2 Bc6 22. Rae1 e6 23. g4 e5 24. Be4 Bxe4 25. Rxe4 Rac8 26. Qd5 Rc5 27. Qd2 Qc6 28. Kg1 Rd5 29. Qh2 a5 30. Kf1 Qc5 31. Qg3 f6 32. b4 axb4 33. axb4 Qa7 34. h4 h6 35. Qf3 Rd2 36. fxe5 fxe5 37. g5 Rf8 38. gxh6+ Kg8 39. Qxf8+ Kxf8 40. R1e2 Rxe2 41. Rxe2 Qh7 42. Rd2 Ke7 0-1